Sky Dharma: (Record no. 9961)

MARC details
000 -LEADER
fixed length control field 00407nam a22001337a 4500
008 - FIXED-LENGTH DATA ELEMENTS--GENERAL INFORMATION
fixed length control field 240808b |||||||| |||| 00| 0 eng d
020 ## - INTERNATIONAL STANDARD BOOK NUMBER
International Standard Book Number 9781559395045
100 ## - MAIN ENTRY--PERSONAL NAME
Personal name Chagme, Karma.
245 ## - TITLE STATEMENT
Title Sky Dharma:
Remainder of title The Foundations of the Namcho Treasure Teachings
260 ## - PUBLICATION, DISTRIBUTION, ETC.
Place of publication, distribution, etc. Colorado USA:
Name of publisher, distributor, etc. Snow Lion,
Date of publication, distribution, etc. 2022.
300 ## - PHYSICAL DESCRIPTION
Extent xxxiii, 491 p.;
Dimensions 23.5 Cm.
700 ## - ADDED ENTRY--PERSONAL NAME
Personal name Sherab, Rigdzin Kunzang.
Relator term Author
942 ## - Added entry Elements (Koha)
Source of classification or shelving scheme Dewey Decimal Classification
Holdings
Withdrawn status Lost status Source of classification or shelving scheme Damaged status Not for loan Collection code Home library Current library Shelving location Date acquired Serial Enumeration / chronology Full call number Barcode Date last seen Price effective from Koha item type Public note
    Dewey Decimal Classification     Special collections RTC Library RTC Library Special collections 08/08/2024 18696 920 CHA 30019736 08/08/2024 08/08/2024 Special Collections Gift from Her Majesty Gyalyum Kesang C. Wangchuck
Royal Thimphu College || All Right Reserved